000
00269nam a2200109Ia 4500
008
200302s9999 xx 000 0 und d
100
_a
Suzanne Macleod
245
_a
Museum Architecture A New Biography
260
_b
Taylor &Francis Group
260
_c
2013
300
_a
237
999
_c
3782
_d
3782